बिरबल (Record no. 327786)

MARC details
000 -LEADER
fixed length control field 00478nam a2200169Ia 4500
008 - FIXED-LENGTH DATA ELEMENTS--GENERAL INFORMATION
fixed length control field 090711s9999 xx 000 0 und d
082 ## - DEWEY DECIMAL CLASSIFICATION NUMBER
Item number 71591
100 ## - MAIN ENTRY--PERSONAL NAME
Personal name अग्निहोत्री अ. शं.
245 ## - TITLE STATEMENT
Title बिरबल
260 ## - PUBLICATION, DISTRIBUTION, ETC. (IMPRINT)
Date of publication, distribution, etc 1971
300 ## - PHYSICAL DESCRIPTION
Extent 24
600 ## - SUBJECT ADDED ENTRY--PERSONAL NAME
Personal name अग्निहोत्री अ. शं.
630 ## - SUBJECT ADDED ENTRY--UNIFORM TITLE
Uniform title बिरबल
700 ## - ADDED ENTRY--PERSONAL NAME
Personal name अग्निहोत्री अ. शं.
730 ## - ADDED ENTRY--UNIFORM TITLE
Uniform title बिरबल
942 ## - ADDED ENTRY ELEMENTS (KOHA)
Koha item type Book
Holdings
Withdrawn status Lost status Damaged status Not for loan Home library Current library Date acquired Cost, normal purchase price Total Checkouts Full call number Barcode Date last seen Cost, replacement price Price effective from Koha item type
        Dadar Sarvajanik Vachanalaya, Dardar Dadar Sarvajanik Vachanalaya, Dardar 07/11/2009 1.00   71591 DASAVA-71591 07/11/2009 1.00 07/11/2009 Book